Ingres, Delacroix ou David ? - Statistiques

Statistiques générales
  • Ce quiz a été pris 171 fois
  • Le résultat moyen est 10 sur 20
Statistiques - réponses
Hint Réponse % Correct
Eugène Delacroix
70%
Jacques-Louis David
69%
Jean-Auguste-Dominique Ingres
67%
Eugène Delacroix
66%
Jacques-Louis David
66%
Jacques-Louis David
63%
Eugène Delacroix
61%
Jacques-Louis David
61%
Jean-Auguste-Dominique Ingres
60%
Jean-Auguste-Dominique Ingres
54%
Eugène Delacroix
52%
Eugène Delacroix
42%
Jean-Auguste-Dominique Ingres
40%
Jacques-Louis David
38%
Jean-Auguste-Dominique Ingres
36%
Eugène Delacroix
35%
Jacques-Louis David
29%
Eugène Delacroix
25%
Jean-Auguste-Dominique Ingres
25%
Jean-Auguste-Dominique Ingres
17%
Aucun quiz correspondant
Distribution des résultats
% des personnes avec chaque résultat
Percentile par nombre de réponses
Votre historique - résultats
Vous n’avez pas pris ce quiz